000 00632nam a2200277Ia 4500
005 20260324144529.0
008 008 260324s9999 xx 000 0 eng d
020 _a9780203357835
037 _aEBOOK
040 _aCRL
040 _beng
040 _cCRL
041 _2eng
041 _aeng
084 _qCRL
100 _aSylvia Rosenfield
_91168135
245 0 _aInstructional Consultation
260 _bTaylor and Francis
260 _c1987
365 _a
365 _b230
856 _uhttp://www.taylorfrancis.com/books/9780203357835
942 _cEBOOK
999 _c1826394
_d1826394